Solos en la noche: Zamudio y sus asesinos
Guardado en:
| Autor principal: | |
|---|---|
| Formato: | Libro |
| Lenguaje: | español |
| Publicado: |
Santiago
Catalonia Ltda.
2014
|
| Edición: | 2a. ed |
| Colección: | Colección Tal Cual
|
| Materias: | |
| Etiquetas: |
Agregar Etiqueta
Sin Etiquetas, Sea el primero en etiquetar este registro!
|
MARC
| LEADER | 00000cam a2200000 a 4500 | ||
|---|---|---|---|
| 001 | UCD7069 | ||
| 003 | CL-VaPUC | ||
| 005 | 20250506121630.0 | ||
| 008 | 170309e20140000cl |||||||||||||||||spa|d | ||
| 999 | |c 367222 |d 367220 | ||
| 020 | |a 9789563242836 | ||
| 040 | |c Pontificia Universidad Católica de Valparaíso | ||
| 082 | 0 | 4 | |a 305.90664 |b FLU |2 21 |
| 100 | 0 | |a Fluxá Nebot, Rodrigo |e author |9 591023 | |
| 245 | 1 | 0 | |a Solos en la noche: Zamudio y sus asesinos |
| 250 | |a 2a. ed | ||
| 260 | |a Santiago |b Catalonia Ltda. |c 2014 | ||
| 300 | |a 150 p | ||
| 490 | 0 | |a Colección Tal Cual | |
| 583 | |a last modification |c 20170309 22:28:00 |k Rodrigo Vera | ||
| 650 | 0 | |a Crímenes de odio |9 255614 |y Chile | |
| 650 | 7 | |a Homofobia |2 CL-VaPUC |9 591024 |y Chile | |
| 650 | 0 | |a Derechos humanos |9 313877 |y Chile | |
| 650 | 0 | |a Legislación antidiscriminación |9 401043 |y Chile | |
| 942 | |c BK |2 ddc | ||
| 945 | |d 20170309 22:28:00 |a dcastane | ||
| 952 | |0 0 |1 0 |3 erb |4 0 |6 305_906640000000000_FLU_2014 |7 0 |8 A |9 481971 |a BIBCUR |b BIBCUR |i 5363373 |l 7 |m 1 |o 305.90664 FLU 2014 |p 5363373 |r 2025-04-22 |s 2023-05-02 |w 2019-11-24 |y BK |z Catalogado en:20170309 |k PER | ||